000 00312nam a2200121Ia 4500
008 191201s2001 xx 000 0 und d
100 _aGUPTA, P.V.
245 0 _aNetwork and Analysis and Synthesis
260 _aN. Delhi
_bDhanpat Rai Pubn (P) Ltd
_c2001
300 _a543
650 _aB.Tech(ECE)
942 _2ddc
_cBK
999 _c401
_d401